00665cam a22002411 4500001001300000003000400013005001700017008004100034010001700075035002000092040001800112042001200130043002100142050001500163100003200178245005800210260001100268300001900279500001500298651004200313651005100355999001700406ne 64001224 DLC20260227111759.0890401s1963 xx 000 0 arar  ane 64001224  a(OCoLC)23511339 aDLCcMiUdDLC apremarc aaw-----af-ua---00aDS63b.B222 aBahāʼ al-Dīn, Aḥmad.10aAzmat ittifāqīyat al-waḥdah al-thulāthīyah. c[1963. a113 p.c24 cm. aRomanized. 0aMiddle EastxPolitics and government. 0aUnited Arab RepublicxPolitics and government. c47023d47023